000
00208nam a2200097Ia 4500
008
240331s9999 xx 000 0 und d
082
_a
302.234
_b
KUM
100
_a
Kumar,A
245
0
_a
Akira kurosawa
942
_c
L
999
_c
1275
_d
1275